000 00998nam a2200253Ia 4500
003 OSt
005 20220923225511.0
006 a|||||r|||| 00| 0
007 ta
008 220922b |||||||| |||| 00| 0 hin d
024 _a269,491
037 _cTextual
040 _aARTS
_cARTS
_bhin
041 _2hin
_ahin
082 _aQ3-4:6, 152M6
100 _aसिंह, अरुण प्रताप
_9158683
245 0 _aजैन और बौद्ध भिक्षुणी संघ ( एक तुलनात्मक अध्ययन )
246 _aJain aur bauddha bhikṣhuṇī sangha ( ek tulanātmak adhyayan )
260 _aवाराणसी
_b पार्श्वनाथ विद्याश्रम शोध संस्थान
_c1986
300 _a261पृ.
_ccm.
650 _aज्ैन् ध्ज्ञमर््
942 _hQ3-4:6, 152M6
_cTEXL
_2CC
999 _c378647
_d378647